| 000 | 02222nam a2200361 4500 | ||
|---|---|---|---|
| 003 | OSt | ||
| 005 | 20260512125807.0 | ||
| 008 | 260512b |||||||| |||| 00| 0 aze d | ||
| 020 | _a9789952468991 | ||
| 040 |
_aAZ-XaKU _baze _cAZ-XaKU |
||
| 041 | _aaze | ||
| 050 | 0 | 4 | _aTJ807.9 .G213 2022 |
| 100 | 1 |
_aQasımov, Elmar, _emüəllif. |
|
| 245 | 1 |
_aBərpa olunan enerji ehtiyatlarından istifadə giriş _c/ Elmar Qasımov, Rövşən Abbasov ; rəyçilər Bəxtiyar Aslanbəyli, Cavid Abdullayev, Amer Reza Vakhshouri ; layihə meneceri Nərmin Əhmədova ;elmi redaktor Rövşən Kərimov |
|
| 264 |
_aBakı: _c2022. |
||
| 300 |
_a216 səhifə ; _c28,5 sm. |
||
| 336 |
_atext _btxt _2rdacontent |
||
| 337 |
_aunmediated _bn _2rdamedia |
||
| 338 |
_avolume _bnc _2rdacarrier |
||
| 504 | _aƏdəbiyyat siyahısı: s. 214-216 | ||
| 505 | 0 | _aÖn söz -- 01. Gələcəyə baxış -- 02. Ənənəvi enerji və ondan istifadə problemləri -- 03. Günəş enerjisi -- 04. Külək enerjisi -- 05. Geotermal enerji -- 06. Yaşıl hidrogen enerjisi -- 07. Kiçik su elektrik stansiyaları -- 08. Dayanıqlı inkişaf və bərpa olunan enerji problemləri -- Ədəbiyyat siyahısı. | |
| 520 | _aBu dərsliyin yazılmasında əsas məqsəd bərpa olunan enerji ehtiyatları, onlardan istifadə və bu sahədə müasir problemlər barədə müfəssəl baza bilikləri yaratmaq olmuşdur. Ölkəmizdə bərpa olunan enerji ehtiyatlarından istifadə ilə bağlı Azərbaycan dilində yazılmış ilk dərslik olduğu üçün kitabın elmi-nəzəri və praktik əhəmiyyəti misilsizdir. | ||
| 521 | _aBu mənada təqdim olunan dərslik həm ali məktəblər, həm də geniş oxucu auditoriyası tərəfindən istifadə oluna bilər. Həmçinin dərslikdən ixtisaslaşmış orta məktəblərdə tədris zamanı da istifadə olunması mümkündür. | ||
| 650 | 7 | _2AZ-XaKU | |
| 700 | 1 |
_aAbbasov, Rövşən, _qmüəllif. |
|
| 700 | 1 |
_aAslanbəyli, Bəxtiyar, _qrəyçi. |
|
| 700 | 1 |
_aAbdullayev, Cavid, _qrəyçi. |
|
| 700 | 1 |
_aVakhshouri, Amin Reza, _qrəyçi. |
|
| 700 | 1 |
_aƏhmədov, Nərmin, _qLayihə meneceri. |
|
| 700 | 1 |
_aKərimov, Rövşən, _qElmi redaktor. |
|
| 942 | _cBOOK | ||
| 999 |
_c425 _d425 |
||